| 000 | 00706nam a2200241Ia 4500 | ||
|---|---|---|---|
| 003 | OSt | ||
| 005 | 20221007111123.0 | ||
| 006 | a|||||r|||| 00| 0 | ||
| 007 | ta | ||
| 008 | 221006b |||||||| |||| 00| 0 eng d | ||
| 024 | _a22,610 | ||
| 037 | _cTextual | ||
| 040 |
_aLCO _cLCO _beng |
||
| 041 |
_2eng _aeng |
||
| 082 | _aX7282qN57y8, K9 | ||
| 245 | 0 | _aWealth Tax Manual | |
| 260 |
_aNew _bDelhi Directorate of Inspection India _c1969 |
||
| 300 | _a166 | ||
| 500 | _aThe Wealth - Tax Act, 1957, Rules issued under the Wealth - Tax Act, and Notifications Relating to Wealth - Tax | ||
| 650 | _aWEALTH TAX | ||
| 942 |
_hX7282qN57y8, K9 _cTEXL |
||
| 999 |
_c1192173 _d1192173 |
||